Taylor Swift - Paroles Questions...? - Statistiques

Statistiques générales
  • Ce quiz a été pris 52 fois
  • Le résultat moyen est 338 sur 416
Statistiques - réponses
Hint Réponse % Correct
Intro I
100%
some
100%
A
97%
a
97%
Did
97%
did
97%
do?
97%
Do
97%
ever
97%
in
97%
We
97%
you
97%
and
94%
And
94%
ask
94%
of
94%
on
94%
question?
94%
question
94%
what
94%
But
91%
Refrain Can
91%
one
91%
the
91%
they
91%
was
91%
your
91%
friends
89%
Have
89%
have
89%
kiss
89%
middle
89%
night?
89%
night
89%
room
89%
someone
89%
Then
89%
to
89%
were
89%
every
86%
fun
86%
it
86%
It
86%
Making
86%
too?
86%
too
86%
boy
83%
crowded
83%
It's
83%
later
83%
leave
83%
second
83%
When
83%
who
83%
fight?
80%
fight
80%
girl,
80%
her
80%
...her?
80%
seconds
80%
single
80%
clapping
77%
Couplet 1 Good
77%
just
77%
more
77%
much?
77%
remember
77%
wrong
77%
don't
74%
for
74%
like
74%
said
74%
touch
74%
wish
74%
you're
74%
all
71%
Big
71%
'Cause
71%
city,
71%
could
71%
had
71%
house
71%
sad
71%
say
71%
still
71%
that
71%
That
71%
that,
71%
you'd
71%
after
69%
put
69%
up
69%
With
69%
with
69%
another
66%
before
66%
choices
66%
color
66%
know
66%
not
66%
she
66%
She
66%
something
66%
By
63%
my
63%
thing
63%
tonight...
63%
15
60%
right
60%
sure
60%
time
60%
way
60%
away
57%
drink
57%
feel
57%
I'm
57%
I've
57%
Painted
57%
saw
57%
That's
57%
that's
57%
conversation
54%
explanations
54%
eyes,
54%
going
54%
heard,
54%
mind
54%
nights
54%
searched
54%
swear
54%
bad
51%
Bridge Does
51%
guy
51%
nice,
51%
out
51%
politics
51%
realize,
51%
suitable
51%
what's
51%
gender
49%
Got
49%
may
49%
roles
49%
surprise
49%
circumstances
46%
Couplet 2 Half
46%
Miscommunications
46%
since
46%
situations,
46%
strike?
46%
gray
43%
moon
43%
everything's
40%
Meteor
40%
swept
37%
best
34%
Lost
23%
Caught
11%
meathead
11%
Aucun quiz correspondant
Distribution des résultats
% des personnes avec chaque résultat
Percentile par nombre de réponses
Votre historique - résultats
Vous n’avez pas pris ce quiz